Ptaki - nagła śmierć - Statystyki

Ogólne statystyki
  • Ten quiz został rozwiązany 6 989 razy
    6 977 od ostatniego zresetowania
  • Średni wynik to 6 z 16
Answers on the Grid
Answers color-coded by a green-red scale on the quiz's grid according to % correct below.
Aksolotl
Bąk
Bielinek kapustnik
Burzyk wielki
Cefal
Cyraneczka
Drzemlik
Dudek
Jesiotr ostronosy
Kajman okularowy
Kakapo
Kawka
Kazuar hełmiasty
Kolczatka
Latimeriidae
Lelek
Mamba czarna
Minóg morski
Mokasyn miedziogłowiec
Nandu Darwina
Okapi leśne
Ostrygojad
Pąkla kaczenica
Palczak
Paszkot
Piewik
Przepiórka
Rusałka osetnik
Rybołów
Sardela europejska
Siewka złota
Trzewikodziób
 
Statystyki odpowiedzi
Odpowiedź % Poprawnych
Dudek
73%
Kawka
72%
Przepiórka
67%
Rybołów
60%
Trzewikodziób
49%
Lelek
43%
Cyraneczka
34%
Siewka złota
32%
Kazuar hełmiasty
31%
Burzyk wielki
28%
Bąk
27%
Kakapo
27%
Nandu Darwina
24%
Ostrygojad
18%
Drzemlik
17%
Paszkot
16%
Nie znaleziono quizów pasujących do podanych kryteriów
Rozkład punktacji
Procent ludzi z każdym wynikiem
Percentyl według liczby udzielonych odpowiedzi
Twoja historia wyników
Nie rozwiązałeś tego quizu od ostatniego zresetowania